Diseño de sistema de abastecimiento de agua potable por medio de un Mini Acueducto Por Bombeo Eléctrico para la comunidad de Muyuca, municipio El Jícaro, departamento de Nueva Segovia

En el presente estudio se presenta el diseño de un sistema de abastecimiento de agua potable por medio de un Mini Acueducto Por Bombeo Eléctrico para la comunidad de Muyuca, municipio El Jícaro, departamento de Nueva Segovia, el cual cuenta con la siguiente configuración: pozo – sarta - línea d...

Full description

Bibliographic Details
Main Authors: Spear Carrillo., Henry Rodolfo, Pérez Moreno., Junior Israel
Other Authors: Tutor: Baltodano Maldonado, José Angel
Format: Tesis Section = Libro
Language:Undetermined
Spanish
Published: Managua UNI-IES 2020
Subjects:
LEADER 01404nam a2200265Ia 4500
008 240830s9999 xx 000 0 und d
040 |a BIBLIOTECA-RUPAP Mon 628.72 S741 
041 |a spa 
082 |a Mon 628.72 S741 
100 1 |a Spear Carrillo., Henry Rodolfo 
100 1 |b Pérez Moreno., Junior Israel 
245 1 0 |a Diseño de sistema de abastecimiento de agua potable por medio de un Mini Acueducto Por Bombeo Eléctrico para la comunidad de Muyuca, municipio El Jícaro, departamento de Nueva Segovia 
260 |a Managua  |b UNI-IES  |c 2020 
300 |a 102 p. :il. 
500 |a cONTIENE: ANEXOS Y cd. 
502 |a Tesis (Ingeniero Civil)- UNI, 2020. 
520 3 |a En el presente estudio se presenta el diseño de un sistema de abastecimiento de agua potable por medio de un Mini Acueducto Por Bombeo Eléctrico para la comunidad de Muyuca, municipio El Jícaro, departamento de Nueva Segovia, el cual cuenta con la siguiente configuración: pozo – sarta - línea de conducción - tanque de almacenamiento y red de distribución. El periodo de diseño es de 20 años que abarca desde el año 2020 al 2040 
650 7 |a AGUA POTABLE 
650 7 |b AGUA-ABASTECIMIENTO DE AGUA 
650 7 |c MINI ACUEDUCTO-DISEÑO Y CONSTRUCCION 
650 7 |d CALIDAD DEL AGUA - ESTUDIO 
700 1 |a Tutor:  |b Baltodano Maldonado, José Angel 
942 |c BK  |2 ddc 
991 |a TESIS 
999 |c 16588